00794 2200277 4500001002100000005001500021035002000036007000300056008004100059020001800100082001200118084001800130100003000148245006200178250001200240300004300252650002100295650003400316650001500350650002800365264003600393336002100429337003000450338002300480990001300503INLIS00000000003928620220119085942 a0010-0122000103ta220119 0 ind  a9786232093065 a499.221 a499.221 SIT b0 aSiti AnsoriyahePengarang1 aBahasa Indonesia Untuk Perguruan Tinggi /cSiti Ansoriyah aedisi 1 aviii,135 halaman :bilustrasi ;c23 cm 4aBahasa Indonesia 4aPerguruan tinggi -- Indonesia 4aIndonesian 4aUniversity -- Indonesia aYogyakarta :bDeepublish,c2019 2rdacontentaTeks 2rdamediaaTanpa Perantara 2rdacarrieraVolume a21/00479